• 首页
  • 本馆介绍
  • 公告通知
  • 最新文献
  • 馆藏检索
  • 电子资源
  • 读者导购
  • 参考咨询
  • 我的图书馆
  • 登录
  • 详细信息显示
  • 放入我的书架
  • 预约/预借图书
  • 作者相关作品
  • 分类相关作品
  • 丛书相关作品
  • 出版社相关作品

书目信息

  • 表格格式
  • 工作单格式
  • 卡片格式
题名:
物理量测量
    
 
作者: 袁长坤 主编
分册:  
出版信息: 北京   科学出版社  2004
页数: 301页
开本: 26cm
丛书名:
单 册:
中图分类: O4-34
科图分类:
主题词: 物理学
电子资源:
ISBN: 7-03-014396-5
000 00509nam0 2200181 450
001 0735592734
005 20070906095312.73
010    @a7-03-014396-5@d¥22.00
100    @a20070906d km y0chiy0120 ea
101 0  @achi
200 1  @a物理量测量@Awu li liang ce liang@f袁长坤主编@Fyuan chang kun zhu bian
210    @a北京@c科学出版社@d2004
215    @a301页@d26cm
606 0  @a物理学
690    @aO4-34@v3
701  0 @a袁长坤@Ayuan chang kun@4主编
801  0 @aCN@bPFT@c20070906
905    @a213230@dO4-34@ep46@f1
    
    物理量测量/袁长坤主编.-北京:科学出版社,2004
    301页;26cm
    
    
    ISBN 7-03-014396-5:¥22.00
    
●
相关链接 在E读中查询图书 在五车中查询图书 在当当中查询图书 在豆瓣中查询图书


正题名:物理量测量     索取号:O4-34/p46         预约/预借

序号 登录号 条形码 馆藏地/架位号 状态 备注
1 7201919   272019184   物理系资料室/ [索取号:O4-34/p46] 在馆    
2 7201920   272019193   物理系资料室/ [索取号:O4-34/p46] 在馆    
唐山师范学院图书馆 欢迎您!
大连网信软件有限公司© 版权所有